| 000 | 00749cam a22002413a 4500 | ||
|---|---|---|---|
| 001 | 31702 | ||
| 003 | PGUSA | ||
| 005 | 20140828083703.0 | ||
| 008 | 100319s2010||||xxu|||||s|||||000 | eng d | ||
| 040 |
_aPGUSA _beng |
||
| 042 | _adc | ||
| 050 | 4 | _aPQ | |
| 100 | 1 |
_aPirandello, Luigi, _d1867-1936 |
|
| 245 | 1 | 0 |
_a'A vilanza (la bilancia); Cappiddazzu paga tuttu : _bTeatro dialettale siciliano, volume settimo _h[electronic resource] / _cLuigi Pirandello |
| 260 |
_bProject Gutenberg, _c2010 |
||
| 506 | _aPublic domain in the USA. | ||
| 516 | _aElectronic text | ||
| 653 | _aItalian drama | ||
| 653 | _aItalian drama -- Italy -- Sicily | ||
| 830 | 0 |
_aProject Gutenberg _v31702 |
|
| 856 | 4 | 0 | _uhttp://www.gutenberg.org/ebooks/31702 |
| 942 | _cEB | ||
| 999 |
_c260957 _d260957 |
||